000 00547nam a2200205Ia 4500
005 20260429112052.0
008 260429s9999||||xx |||||||||||||| ||und||
020 _a9781071634639
041 _aEnglish
082 _a572.8
_bMAN
100 _aMandal, Sudip
245 0 _aReverse engineering of regulatory networks /
_cSudip Mandal
250 _a1st ed.
260 _aNew Jersey :
_bHumana Press,
_c2024.
300 _ax, 327 p.; pbk
650 _a Bioinformatics
650 _a Gene regulation
650 _aSystems biology
942 _cTB
999 _c52187
_d52187